[Event "I IRT CXG 2025"]
[Site "Rio de Janeiro"]
[Date "2025.04.15"]
[Round "7.2"]
[White "Rabello, David Sousa"]
[Black "Ramos, Angelo Bil"]
[Result "0-1"]
[WhiteElo "1894"]
[BlackElo "1995"]
[Annotator "Chessbase - SF 17.1"]
[PlyCount "160"]
[EventDate "2025.??.??"]
[EventCountry "BRA"]

1. e4 {[%eval 18,0]} c5 {[%eval 25,0]} 2. c3 {[%eval 0,0]} d5 {[%eval 16,0]} 3. exd5 {[%eval 12,0]} Qxd5 {[%eval 19,0]} 4. d4 {[%eval 13,0]} cxd4 {[%eval 1,0]} 5. cxd4 {[%eval 12,0]} Nc6 {[%eval 34,0]} 6. Nf3 {[%eval 2,0]} Bg4 {[%eval 33,0]} 7. Be2 {[%eval 18,0]} Nf6 {[%eval 32,0]} 8. O-O {[%eval 3,0]} e6 {[%eval 17,0]} 9. Nc3 {[%eval 24,0]} Qd8 {[%eval 47,0]} 10. Bg5 {[%eval 0,0]} (10. h3 $5 {[%cal Rh3g4]} Bxf3 11. Bxf3 $14) 10... Be7 {[%eval 4,0][%cal Bb6b3]} 11. Rc1 $146 {[%eval 12,0] Black must now prevent Bb5.} (11. h3 Bh5 12. Rc1 O-O 13. Be3 Nb4 14. g4 Bg6 15. Ne5 Nbd5 16. Bg5 Rc8 17. f3 {[%eval -87,25] [%wdl 1,614,385]} (17. Bf3 {[%eval 7,31] [%wdl 37,940,23]}) 17... Nxc3 18. bxc3 {[%eval -125,26] [%wdl 0,266,734]} (18. Rxc3 {[%eval -74,25] [%wdl 1,726,273]} Qd6 19. Qd2) 18... Nd5 {[%eval -48,26] [%wdl 2,890,108]} (18... Qc7 $17 {[%eval -125,26] [%wdl 0,266,734]} 19. Bf4 Bd6) 19. Bd2 {[%eval -198,27] [%wdl 0,18,982]} (19. Bxe7 $15 {[%eval -48,26] [%wdl 2,890,108]} Qxe7 20. Qd2) 19... Bd6 {[%eval -53,27] [%wdl 2,867,131]} (19... Ba3 $19 {[%eval -198,27] [%wdl 0,18,982]} 20. Kg2 Bxc1 21. Qxc1 h6) 20. f4 Qh4 {[%eval -12,29] [%wdl 10,963,27]} (20... Be4 $17 {[%eval -72,29] [%wdl 1,755,244]} 21. Qb3 Qb6) 21. Kh2 f6 $2 {[%eval 115,31] [%wdl 650,350,0]} (21... Ba3 $15 {[%eval -54,26] [%wdl 2,865,133] stays ahead.}) 22. Nf3 $2 {[%eval -269,29] [%wdl 0,1,999][%mdl 8192]} (22. Nxg6 $16 {[%eval 115,31] [%wdl 650,350,0]} hxg6 23. c4) 22... Qh6 $19 23. g5 $2 {[%eval -479,28] [%wdl 0,0,1000]} (23. Ne5 {[%eval -252,27] [%wdl 0,2,998]} fxe5 24. g5) 23... fxg5 $19 24. Ne5 Bf5 25. Bg4 gxf4 {Guevara Sanchez,E (2010)-Averchenko,S (2164) chess.com INT 2024 0-1 (43)}) (11. Qa4 {[%cal Bd4d5]} O-O 12. Ne5 Bxe2 13. Nxc6 bxc6 14. Nxe2 Qb6 15. Qc2 Rfd8 16. Rad1 Rac8 17. Nc3 h6 18. Be3 Nd5 19. Na4 Qa5 20. Bd2 Nb4 21. Bxb4 Qxb4 22. a3 Qb5 23. Rfe1 Bf6 24. Re4 Qf5 {[%cal Bc6c5] Strongly threatening ...c5!} 25. Re2 Qxc2 {Mokhova,K-Sychyova,O (2020) St Petersburg 2000 ½-½ (74)}) (11. Bxf6 Bxf6 12. d5 exd5 13. Nxd5 O-O 14. Qb3 (14. Qa4 Bxb2 15. Rab1 Qxd5 16. Rxb2 Qd7 17. Rd1 Qc8 18. Rc1 Rb8 19. h3 Bd7 20. Qf4 Qd8 21. Bd3 Qf6 22. Qxf6 gxf6 23. Be4 Rfc8 24. Rd1 Be6 25. Rd6 Na5 {Lardot,D-Granat,S Tampere 1998 0-1 (51)}) 14... b6 15. Rad1 Be6 {[%cal Bc6d4]} 16. Bc4 {[%eval -135,28] [%wdl 0,182,818]} (16. Qb5 {[%eval 11,28] [%wdl 22,969,9] remains equal.} Rc8 17. Rfe1) 16... Na5 $1 $17 17. Qb4 {Threatens to win with Nf4.} Nxc4 18. Qxc4 Kh8 {[%eval -3,30] [%wdl 7,983,10]} (18... Bxb2 $17 {[%eval -139,23] [%wdl 0,133,867] ...Bf6 is the strong threat.} 19. Qb5 Bf6) 19. b3 Rc8 20. Qe4 Re8 21. Nf4 Qc7 {[%cal Be6b3] aiming for ...Bxb3!} 22. Nxe6 Rxe6 23. Qa4 Rc6 24. Rfe1 h6 25. h3 a6 {[%eval 50,25] [%wdl 70,930,0] La Spina,M-Ravagnoni,F Verona 1996 1-0} (25... Rc2 {[%eval -7,29] [%wdl 4,988,8]})) 11... O-O {[%eval 9,0]} 12. h3 $6 {[%eval 82,0] Inaccuracy. Be3 was best. The position is equal.} (12. Be3) 12... Bxf3 {[%eval 85,0]} 13. Bxf3 {[%eval 81,0]} Nxd4 {[%eval 8,0]} 14. Bxb7 {[%eval 94,0]} Rb8 {[%eval 91,0]} 15. Ba6 {[%eval -96,0]} Rxb2 {[%eval 97,0]} 16. Qa4 $2 {[%eval -282,24] [%wdl 0,0,1000] Mistake. Bd3 was best.} (16. Be3 $17 {[%eval -91,26] [%wdl 0,596,404]} Nf5 17. Qxd8 Rxd8 18. Bf4) (16. Bd3) 16... Rb4 $19 {[%eval -151,0]} 17. Qd1 {[%eval -177,0]} Qa5 {[%eval -188,0][%csl Ba6,Bg5]} 18. Bxf6 {[%eval -133,0]} Bxf6 {[%eval -129,0]} 19. Bd3 {[%eval -128,0]} Rd8 {[%eval -149,0]} 20. Ne4 {[%eval -143,0]} Be7 {[%eval -132,0] Prevents Rc5.} (20... Qxa2 21. Nxf6+ gxf6 22. Qh5 $14) 21. Qd2 {[%eval -131,0]} Ra4 $2 {[%eval -136,26] [%wdl 0,146,854] Mistake. Qe5 was best.} (21... Qe5 22. Rb1 (22. Ng3 g6 23. Rfe1 Rb2 24. Qc3 Qb8 25. Red1 Rxa2 26. Bxg6 hxg6 27. Rxd4) 22... Rxb1 23. Rxb1 f5) 22. Qb2 $4 {[%eval -465,24] [%wdl 0,0,1000][%mdl 8192] Blunder. Qxa5 was best.} (22. Qxa5 Rxa5 23. Rc7 Nf5 24. Rb1 Bf8 25. Bf1 Rxa2 26. Rbb7 Ra1 27. Rxa7 Re1) 22... Ba3 {[%eval -365,0]} 23. Qb7 {[%eval -382,0]} Rb4 $4 {[%eval -139,24] [%wdl 0,132,868] Blunder. Bxc1 was best. (  ...Xb1)} (23... Bxc1 24. Rxc1 Rxa2 (24... Nf3+ 25. Kh1 Rad4 26. Nc5 Qa3 27. Qb1 Ng5 28. Qc2 g6 29. Kg1)) 24. Rc5 $2 {[%eval -393,24] [%wdl 0,0,1000][%mdl 8192] Mistake. Qc7 was best.} (24. Qc7 Ra4 25. Rc4) 24... Qxc5 {[%eval -259,0]} (24... Rxb7 25. Rxa5 Nf3+ 26. gxf3 $17) 25. Nxc5 {[%eval -255,0]} Rxb7 {[%eval -264,0]} 26. Nxb7 {[%eval -259,0]} {[%tqu "En","","","","d4f3","",10]} Nf3+ $1 {[%eval -251,0][%mdl 512]} 27. gxf3 {[%eval -245,0]} Rxd3 {[%eval -259,0][%mdl 4096] Endgame KRB-KRN} 28. Kg2 {[%eval -243,0]} Rd2 {[%eval -252,0]} 29. Na5 {[%eval -386,0]} Rxa2 {[%eval -400,0]} 30. Nc4 {[%eval -375,0]} Bc5 {[%eval -375,0]} 31. Ne5 {[%eval -388,0]} f6 {[%eval -213,0]} 32. Rc1 {[%eval -267,0]} fxe5 $4 {[%eval -19,42] [%wdl 1,992,7] Blunder. Rxf2+ was best.} (32... Rxf2+ 33. Kg3 Re2 34. Rxc5 Rxe5 35. Rc8+ Kf7 36. Rc7+ Kg6 37. Rxa7 Rc5 38. Re7) (32... Bf8 $19 {[%eval -339,28] [%wdl 0,0,1000]} 33. Nc6 e5) 33. Rxc5 {[%eval 35,0] KR-KR} Kf7 {[%eval 29,0] [#] Hoping for ...Kf6.} 34. Rxe5 {[%eval 4,0]} Rd2 {[%eval 2,0]} 35. Rc5 {[%eval 23,0]} Kf6 {[%eval 2,0]} 36. Ra5 {[%eval 0,0]} Rd7 {[%eval 0,0]} 37. f4 {[%eval 6,0]} g6 {[%eval 0,0]} 38. h4 {[%eval 0,0]} h5 {[%eval 0,0]} 39. f3 {[%eval 0,0]} Kf7 {[%eval 0,0]} 40. Kg3 {[%eval 0,0]} Ke8 {[%eval 0,0]} 41. Rg5 {[%eval 0,0]} Rg7 {[%eval 0,0]} 42. Re5 {[%eval 0,0]} Kd7 {[%eval 0,0]} 43. Ra5 {[%eval 0,0]} Kc6 {[%eval 0,0]} 44. Re5 {[%eval 0,0]} Kd6 {[%eval 0,0]} 45. Ra5 {[%eval 0,0]} Rc7 {[%eval 0,0]} 46. Rg5 {[%eval 0,0]} Rc5 {[%eval 0,0]} 47. Rxg6 {[%eval 0,0]} a5 {[%eval 0,0][%cal Ba7a5,Ba5a4][%mdl 32]} {[%tqu "En","","","","g6g8","",10]} 48. Rg8 $1 {[%eval 0,0]} Kd5 {[%eval 0,0]} 49. Ra8 {[%eval 0,0]} Kc4 {[%eval 18,0]} 50. Kf2 $4 {[%eval -625,30] [%wdl 0,0,1000][%mdl 8192] Blunder. Ra6 was best.} (50. Ra7 {[%eval 0,65] [%wdl 2,996,2]}) (50. Ra6) 50... Kb4 $1 {[%eval -242,0]} 51. Ke3 $6 {[%eval -475,0] Inaccuracy. Ra6 was best.} (51. Ra6 a4 52. Rxe6 a3 53. Re2 Kb3 54. Re3+ Kb2 55. Re8 a2 56. Rb8+ Ka3) {[%tqu "En","","","","a5a4","",10]} 51... a4 $1 {[%eval -478,0]} 52. Kd4 {[%eval -452,0]} Rb5 {[%eval -499,0]} 53. Ra6 {[%eval -311,0]} Rd5+ {[%eval -481,0]} 54. Ke4 {[%eval -308,0]} Rd1 $4 {[%eval -2,30] [%wdl 2,996,2] Blunder. a3 was best.} (54... Ra5 $19 {[%eval -748,26] [%wdl 0,0,1000]} 55. Rxe6 a3 56. Rb6+ Kc3) (54... a3 55. Rb6+ Rb5 56. Ra6 Ra5 57. Rxa5 Kxa5 58. Ke5 a2 59. Kxe6 a1=Q 60. f5) 55. Rb6+ $4 {[%eval -515,25] [%wdl 0,0,1000][%mdl 8192] Blunder. Ke5 was best.} (55. Ke5) 55... Kc5 $6 {[%eval -127,0] Inaccuracy. Ka5 was best.} (55... Ka5 56. Rb7 Rd5 57. f5 Rxf5 58. Kd3 Rxf3+ 59. Kc4 a3 60. Rb8 Rh3 61. Rb5+) 56. Ra6 $6 {[%eval -387,0] Inaccuracy. Rb7 was best.} (56. Rb7 a3) {[%tqu "En","","","","c5b5","",10]} 56... Kb5 {[%eval -386,0]} 57. Ra8 {[%eval -255,0]} Kb4 $4 {[%eval 0,73] [%wdl 2,996,2] Blunder. Rd5 was best.} (57... Rd6 $19 {[%eval -475,29] [%wdl 0,0,1000]} 58. f5 exf5+ 59. Kxf5 Ra6 60. Rb8+ Rb6) (57... Rd5 58. Rb8+ Ka5 59. f5 Rxf5 60. Kd3 a3 61. Kc4 Rxf3 62. Rb7 Rh3 63. Kc5) 58. Rb8+ {[%eval 0,0]} Kc3 {[%eval 0,0][%cal Rd1e1] [#]} 59. Rc8+ {[%eval 0,0]} Kb2 {[%eval 0,0]} 60. Rb8+ {[%eval 0,0]} Ka2 {[%eval 0,0]} (60... Kc3 $6 61. Rc8+ Kb3 62. Rb8+ Kc3 $17) 61. Ke5 {[%eval 0,0]} Re1+ {[%eval 0,0]} 62. Kf6 {[%eval 0,0]} a3 {[%eval 0,0]} 63. f5 {[%eval 0,0]} exf5 {[%eval 0,0]} 64. Kxf5 {[%eval 0,0]} Rb1 {[%eval 0,0]} 65. Re8 {[%eval 0,0]} Rb5+ {[%eval 0,0]} {[%tqu "En","","","","f5g6","",10]} 66. Kg6 $1 {[%eval 0,0]} Kb3 {[%eval 0,0]} 67. Re3+ {[%eval 0,0]} Ka4 {[%eval 0,0]} 68. Re2 {[%eval 0,0]} Kb4 {[%eval 0,0]} (68... Rb2 $6 69. Re1 $15) 69. f4 {[%eval 0,0]} Ra5 {[%eval 0,0]} 70. f5 $4 {[%eval -8053,20] [%wdl 0,0,1000][%mdl 8192] Blunder. Re1 was best.} (70. Ra2 {[%eval 0,66] [%wdl 2,996,2]}) (70. Re1 Kc3 71. f5 a2 72. f6 a1=Q 73. Rxa1 Rxa1 74. Kxh5 Rf1 75. Kg6 Kd4) 70... a2 {[%eval -335,0]} 71. Rxa2 {[%eval -423,0]} Rxa2 {[%eval -423,0] KR-KPP. Black mates.} 72. f6 {[%eval -424,0]} Rf2 {[%eval -483,0]} 73. f7 {[%eval -439,0]} Kc5 {[%eval -793,0]} 74. Kg7 {[%eval -6536,0]} Kd6 {[%eval -1024,0]} 75. f8=Q+ {[%eval -8292,0]} Rxf8 {[%eval -8292,0]} 76. Kxf8 $6 {[%eval -32733,0] Checkmate is now unavoidable. Kh6 was best.} (76. Kh6 Ke6 77. Kg5 Ke5 78. Kg6 Rg8+ 79. Kf7 Kf5 80. Ke7 Kg4 81. Kd6 Kxh4) {[%tqu "En","","","","d6e6","",10]} 76... Ke6 $1 {[%eval -32727,0]} 77. Kg7 {[%eval -32715,0]} Kf5 {[%eval -8292,0]} 78. Kh6 {[%eval -432,0]} Kg4 {[%eval -32737,0]} 79. Kg6 {[%eval -32735,0]} Kxh4 {[%eval -432,0]} 80. Kf5 {[%eval -432,0]} Kg3 {[%eval -453,0] Weighted Error Value: White=0.62/Black=0.52 PRECISÃO STOCKFISH 17.1: BRANCAS 84% PRETAS 86%} 0-1

[Event "I IRT CXG 2025"]
[Site "Rio de Janeiro"]
[Date "2025.04.15"]
[Round "7.3"]
[White "Brito, Vicente De Paulo Al"]
[Black "Manzi, Luiz Antonio Bardar"]
[Result "0-1"]
[WhiteElo "1880"]
[BlackElo "1996"]
[Annotator "Chessbase - SF 17.1"]
[PlyCount "122"]
[EventDate "2025.??.??"]
[EventCountry "BRA"]

1. d4 {[%eval 17,0]} Nf6 {[%eval 19,0]} 2. Nc3 {[%eval 2,0]} d5 {[%eval 0,0]} 3. Bf4 {[%eval 11,0]} e6 {[%eval 1,0]} 4. e3 {[%eval 22,0]} Bd6 {[%eval 16,0]} 5. Qf3 {[%eval 21,0]} O-O {[%eval 32,0]} 6. g4 {[%eval 16,0][%cal Bg2g4,Bg4g5][%mdl 32]} Qe7 $146 {[%eval 93,26] [%wdl 443,555,2]} (6... c5 7. h4 $2 {[%eval -114,27] [%wdl 1,391,608]} (7. Bxd6 $14 {[%eval 38,26] [%wdl 125,862,13]} Qxd6 8. g5) (7. g5 Ne4 {[%eval 56,30] [%wdl 200,792,8]} (7... Bxf4 {[%eval -1,29] [%wdl 41,916,43]} 8. gxf6 Bh6) 8. Bxd6 Qxd6 9. Nxe4 dxe4 10. Qxe4 cxd4 {[%eval 140,26] [%wdl 854,146,0]} (10... Bd7 $1 $14 {[%eval 43,26] [%wdl 78,920,2]} 11. Qh4 cxd4) 11. O-O-O Qc5 {[%eval 198,24] [%wdl 987,13,0]} (11... Bd7 $16 {[%eval 112,27] [%wdl 627,373,0]} 12. Bd3 g6 13. Qxd4 Qxd4 14. exd4 Bc6) 12. Bd3 $18 g6 13. Qxd4 Qxg5 14. h4 Qd5 15. Qxd5 exd5 16. Be2 Be6 17. Bf3 Rd8 18. Ne2 Nc6 19. Nf4 {[%cal Rf4d5]} Ne7 20. Rd2 Rd7 21. Rhd1 {Saveliev,A (2387)-Atakishiyev,E (1969) St Petersburg 2017 1-0 (61)}) (7. dxc5 Bxc5 8. O-O-O Qa5 9. Kb1 e5 10. Bxe5 Bxg4 11. Qg3 Nbd7 12. Bxf6 Nxf6 13. Be2 {[%eval -73,24] [%wdl 1,751,248]} (13. Nge2 {[%eval -21,24] [%wdl 7,954,39] keeps the balance.}) 13... Be6 (13... Bf5 $5 {[%cal Rc5b4]} 14. Qe5 Bg6 $15) 14. Nf3 $2 {[%eval -203,28] [%wdl 0,15,985]} (14. Bf3 $15 {[%eval -48,24] [%wdl 2,888,110]}) 14... Bb4 {[%eval -66,26] [%wdl 1,796,203]} (14... Ne4 $19 {[%eval -203,28] [%wdl 0,15,985]} 15. Qe5 Rae8 16. Nxd5 Bxd5 17. Qxd5 Nxf2) 15. Rhg1 g6 16. Nb5 Ne4 17. Qh4 a6 {[%eval 0,33] [%wdl 17,966,17]} (17... Rfe8 $1 $17 {[%eval -138,26] [%wdl 0,175,825]} 18. Nfd4 a6) 18. Nbd4 Rac8 19. Bd3 $2 {[%eval -305,24] [%wdl 0,0,1000][%mdl 8192]} (19. Ng5 $14 {[%eval 31,27] [%wdl 58,937,5]} Nxg5 20. Qxg5) 19... Nc3+ $1 $19 20. bxc3 $2 {[%eval -476,24] [%wdl 0,0,1000]} (20. Kc1 {[%eval -284,29] [%wdl 0,1,999]} Nxa2+ 21. Kb1 Nc3+ 22. Kc1 Qa1+ 23. Kd2 Nxd1+ 24. Ke2) 20... Bxc3 $19 21. Ng5 {[%eval -710,20] [%wdl 0,0,1000] Moroni,L (2576)-Grigoriants,S (2572) chess.com INT 2023 0-1} (21. Qe7 {[%eval -470,26] [%wdl 0,0,1000]} Rfe8 22. Qd6)) 7... cxd4 $1 $17 8. exd4 Nc6 $1 {[%cal Rc6d4]} 9. Be3 $2 {[%eval -348,21] [%wdl 0,0,1000]} (9. Bxd6 $17 {[%eval -119,26] [%wdl 1,347,652] might work better.} Qxd6 10. O-O-O) 9... e5 $19 10. g5 Ne4 11. Nxe4 {[%eval -445,23] [%wdl 0,0,1000]} (11. Nge2 {[%eval -287,24] [%wdl 0,2,998]} Nxc3 12. bxc3) 11... dxe4 $19 12. Qd1 exd4 13. Bd2 e3 14. Bc1 Qa5+ 15. c3 dxc3 16. b4 Bxb4 {(  ...c2+)} 17. Qh5 c2+ 18. Ke2 Nd4+ 19. Kxe3 Re8+ 20. Kd3 Bg4 21. Kc4 {Lopez,B (1813)-Mussanti,D (2173) Montevideo URU 2025 0-1}) (6... Nc6 {[%eval 25,27] [%wdl 87,893,20]} 7. g5 Ne8 8. O-O-O f5 (8... Bxf4 9. Qxf4 f6 10. Bd3 {[%eval 28,28] [%wdl 66,925,9]} (10. Qg3 $16 {[%eval 110,27] [%wdl 591,409,0]}) 10... Nd6 11. Qh4 f5 $1 12. f4 {[%eval -33,27] [%wdl 7,914,79]} (12. Nf3 $14 {[%eval 66,23] [%wdl 221,777,2]}) 12... Ne7 $15 13. Nf3 b6 {[%eval 63,29] [%wdl 201,796,3]} (13... Bd7 {[%eval -4,25] [%wdl 21,950,29]}) 14. Rhg1 $14 Ng6 15. Qf2 {[%eval 9,28] [%wdl 34,948,18]} (15. Qh5 $14 {[%eval 68,27] [%wdl 237,761,2]}) 15... c5 16. Ne5 {[%eval -56,26] [%wdl 3,831,166]} (16. dxc5 $1 {[%eval 9,28] [%wdl 34,948,18]} bxc5 17. h4) 16... c4 $15 17. Be2 b5 18. Bh5 Nxe5 $1 19. dxe5 b4 {[%eval 25,33] [%wdl 39,956,5]} (19... Ne4 $1 $15 {[%eval -54,28] [%wdl 1,877,122]} 20. Nxe4 fxe4) 20. Nxd5 exd5 21. exd6 {Wei Yi (2763)-Vidit,S (2726) London ENG 2024 1-0 (48)}) 9. h4 Bd7 10. Kb1 a5 11. Qg3 a4 12. Nb5 Bxf4 13. Qxf4 {[%eval -74,27] [%wdl 2,718,280]} (13. exf4 $14 {[%eval 48,27] [%wdl 146,848,6] is the one way to stay ahead.} Na5 14. a3) 13... Na5 (13... a3 $5 14. Nxa3 (14. bxa3 Ne7 $17) 14... Nd6 $14) 14. a3 Ra6 {[%eval 45,27] [%wdl 118,877,5]} (14... Bxb5 $15 {[%eval -52,27] [%wdl 4,850,146]} 15. Bxb5 Nd6) 15. Nc3 $14 Rb6 16. Nf3 Qe7 17. Ka1 Nd6 18. Nd2 {[%eval -55,29] [%wdl 3,838,159]} (18. Ne5 $14 {[%eval 70,27] [%wdl 248,750,2]}) 18... Rc8 {[%eval 79,24] [%wdl 313,686,1]} (18... Rc6 $1 $15 {[%eval -55,29] [%wdl 3,838,159] keeps the upper hand.}) 19. Qe5 Qe8 {[%eval 178,27] [%wdl 946,54,0]} (19... Kf8 $14 {[%eval 59,27] [%wdl 180,817,3]}) 20. Nxd5 {[%eval 118,29] [%wdl 662,338,0]} (20. h5 $18 {[%eval 178,27] [%wdl 946,54,0]}) 20... Nc6 $16 21. Nxc7 {[%eval 0,40] [%wdl 21,959,20] Sadykov,R (2345)-Atanejhad,S (2052) Denizli TUR 2023 1-0 (64)} (21. Qxd6 $1 $16 {[%eval 113,27] [%wdl 617,383,0][%mdl 512]} cxd6 22. Nxb6)) 7. g5 {[%eval 94,0]} Nfd7 {[%eval 106,0]} 8. Bd3 {[%eval 76,0] White is better.} c6 {[%eval 132,0]} 9. Qh3 {[%eval 101,0][%csl Gd3][%cal Rh3h7] [#]} g6 {[%eval 89,0]} 10. Bxd6 {[%eval 8,0]} Qxd6 {[%eval 115,0]} 11. Qg2 $6 {[%eval 65,26] [%wdl 214,784,2] Inaccuracy. O-O-O was best.} (11. f4 $16 {[%eval 159,22] [%wdl 899,101,0]}) (11. O-O-O) 11... e5 $1 $14 {[%eval 48,0]} 12. O-O-O {[%eval 35,0]} e4 {[%eval 59,0]} (12... exd4 $6 13. exd4 Qf4+ 14. Kb1) 13. Be2 {[%eval 17,26] [%wdl 45,942,13]} (13. Bf1 $1 $16 {[%eval 81,24] [%wdl 333,666,1]}) 13... f5 $2 {[%eval 206,27] [%wdl 981,19,0] Mistake. b5 was best.} (13... b5 14. h4 b4 15. Nb1 c5 16. Qh2 Qxh2 17. Rxh2 Bb7 18. dxc5 Nxc5 19. Nh3) 14. Nh3 $6 {[%eval 125,0] Inaccuracy. h4 was best.} (14. h4 Rf7 15. Nh3 Nf8 16. h5 Rg7 17. f3 exf3 18. Bxf3 Be6 19. Nf4 Nbd7) 14... Rf7 {[%eval 208,0]} 15. Nf4 {[%eval 192,0]} Nf8 {[%eval 192,0]} 16. h4 {[%eval 105,0]} Ne6 {[%eval 141,0]} {[%tqu "En","","","","f4g6","",10]} 17. Qg3 $6 {[%eval 31,29] [%wdl 74,918,8] Inaccuracy. Nxe6 was best.} (17. Nxg6 $1 $18 {[%eval 185,29] [%wdl 958,42,0][%mdl 512] Ne5 is the strong threat.} hxg6 18. h5) (17. Nxe6 Bxe6 18. h5 Rg7 19. Qh3 Kf7 20. f3 Nd7 21. fxe4 dxe4 22. Qf1 Bd5) 17... Nxf4 {[%eval 42,0]} 18. exf4 {[%eval 38,0]} Nd7 {[%eval 4,0]} 19. h5 {[%eval 51,0]} {[%tqu "En","","","","d7f8","",10]} Nf8 $1 {[%eval 5,0]} 20. hxg6 {[%eval 58,0]} hxg6 {[%eval 42,0]} 21. Rh4 {[%eval 43,0]} Rg7 {[%eval 71,0]} 22. Rdh1 {[%eval 19,0]} Be6 {[%eval 31,0]} 23. Qe3 {[%eval -23,26] [%wdl 4,964,32]} (23. f3 {[%eval 29,29] [%wdl 41,956,3]}) 23... Rd8 {[%eval 1,0]} 24. Nb1 {[%eval 5,0]} Rdd7 {[%eval 23,0]} 25. c3 {[%eval -63,26] [%wdl 1,836,163]} (25. Rh8+ {[%eval -6,30] [%wdl 9,975,16]} Kf7 26. Nd2) 25... a5 {[%eval -8,27] [%wdl 8,975,17]} (25... Rh7 $15 {[%eval -63,26] [%wdl 1,836,163]}) 26. Kd2 {[%eval 54,0]} b5 {[%eval 19,0]} (26... Rh7 $5 {[%cal Rh7h4]}) 27. Ke1 {[%eval 38,0]} Rh7 {[%eval 42,0]} 28. Nd2 {[%eval 47,0]} a4 {[%eval 49,0] Inhibits Nb3.} 29. a3 $2 {[%eval -257,26] [%wdl 0,1,999] Mistake. Bd1 was best.} (29. Nf1 $15 {[%eval -54,34] [%wdl 1,883,116]}) (29. Bd1 Rxh4 30. Rxh4 Rh7 31. Rxh7 Kxh7 32. Nf1 Bc8 33. Ng3 Ne6 34. Ne2 Ba6) 29... Rxh4 $19 {[%eval -198,0]} 30. Rxh4 {[%eval -198,0]} {[%tqu "En","","","","d7h7","",10]} Rh7 $1 {[%eval -13,0]} 31. Rxh7 {[%eval -1,0]} Kxh7 {[%eval -52,0]} (31... Nxh7 32. Nf1 $15) 32. f3 {[%eval -27,0]} Bf7 {[%eval -37,0]} 33. fxe4 {[%eval -95,0]} fxe4 $2 {[%eval -8,34] [%wdl 2,993,5] Mistake. dxe4 was best.} (33... dxe4 34. d5 cxd5 35. Bxb5 Ne6 36. Bxa4 Nxf4) 34. Bg4 $6 {[%eval -95,31] [%wdl 0,572,428] Inaccuracy. Qf2 was best.} (34. Nf1 {[%eval -8,34] [%wdl 2,993,5]}) (34. Qf2 Kg7) 34... Be6 $17 {[%eval -100,0]} 35. f5 {[%eval -95,0]} Bxf5 {[%eval 73,0]} 36. Qh3+ {[%eval 82,0]} Kg8 {[%eval 94,0]} 37. Bxf5 {[%eval 7,0]} gxf5 {[%eval 7,0]} 38. Qxf5 {[%eval 76,0][%mdl 4096] Endgame KQN-KQN} Qe6 {[%eval 68,0]} 39. Qf4 {[%eval 81,0]} Qf7 {[%eval 96,0]} 40. Qg4 {[%eval -71,0]} Kg7 $2 {[%eval 0,57] [%wdl 3,994,3] Mistake. Ne6 was best.} (40... Ne6 41. Qh3 Qg6) 41. Nf1 $1 {[%eval 0,0]} Ne6 {[%eval 0,0] [#] Strongly threatening ...Nf4.} 42. Ne3 {[%eval 0,0]} Kg6 {[%eval 0,0]} {[%tqu "En","","","","e3g2","",10]} 43. Ng2 {[%eval 0,0] Prevents Nf4.} Kg7 {[%eval 2,0]} 44. Nh4 {[%eval 12,0]} Qf4 $36 {[%eval 28,0][%mdl 2048] Black has the initiative.} 45. Nf5+ $2 {[%eval -339,26] [%wdl 0,0,1000][%mdl 8192] Mistake. Qxe6 was best.} (45. Qxe6 Qxh4+ 46. Kd1) 45... Kf8 $19 {[%eval -98,0]} 46. Qxf4 $2 {[%eval -450,31] [%wdl 0,0,1000] Mistake. Qh3 was best.} (46. Qh3 Qc1+ 47. Kf2 Qxb2+ 48. Kg1 (48. Kf1 Qb1+ 49. Kf2 Qc2+ 50. Kf1 Qd1+ 51. Kf2 Qd2+) 48... Qc1+ 49. Kf2 Qxg5 50. Qh8+ Kf7 51. Qe5 Qf4+ 52. Qxf4 Nxf4 53. Ke3) 46... Nxf4 {[%eval -144,0] KN-KN} 47. Kd2 {[%eval -134,0]} Kf7 {[%eval -151,0] White must now prevent ...Nd3.} 48. Ke3 $6 {[%eval -399,0] Inaccuracy. Nh4 was best.} (48. Nh4 Ne6 49. Nf5 Nxg5 50. Ne3 Ke7 51. Nc2 Ke6 52. Nb4 Kd6 53. Na6 Ne6) {[%tqu "En","","","","f4d3","",10]} 48... Nd3 {[%eval -294,0]} 49. g6+ $6 {[%eval -326,0] Inaccuracy. Nh4 was best.} (49. Nh4 Nxb2 50. Kf4 Nc4 51. Kg4 e3 52. Ng2 e2 53. Kf3 Nxa3 54. Kxe2 Nc4) 49... Kxg6 {[%eval -306,0]} 50. Ne7+ {[%eval -356,0]} Kf7 {[%eval -321,0]} 51. Nxc6 {[%eval -346,0]} Nxb2 {[%eval -364,0]} 52. Nb4 {[%eval -393,0]} Ke6 {[%eval -400,0]} 53. Nc2 {[%eval -345,0]} Nc4+ $6 {[%eval -242,0] Inaccuracy. Kf5 was best.} (53... Kf5 54. Kf2 Nc4 55. Ke2 Kf4 56. Nb4 Nxa3 57. Nxd5+ Kg5 58. Nb4 Nc4 59. Kf2) 54. Ke2 $6 {[%eval -723,23] [%wdl 0,0,1000] Inaccuracy. Kf4 was best.} (54. Kf4 Nd2 55. Ke3 Nb1 56. Ke2 Kf5 57. Ke3 Kg5 58. Kf2 Kf4 59. Ke2 Nxc3+) 54... Kf5 {[%eval -309,0] Black is clearly winning.} 55. Nb4 {[%eval -325,0]} Nxa3 {[%eval -392,0]} 56. Nxd5 {[%eval -336,0]} Nc4 {[%eval -348,0]} 57. Nb4 {[%eval -302,0]} a3 {[%eval -332,0]} 58. Na2 {[%eval -459,0]} Kf4 {[%eval -461,0]} 59. Nb4 {[%eval -454,0]} Nb6 {[%eval -431,0]} 60. d5 {[%eval -494,0]} Ke5 {[%eval -444,0]} 61. d6 {[%eval -453,0]} Kxd6 {[%eval -461,0] Weighted Error Value: White=0.52/Black=0.25 (precise) PRECISÃO STOCKFISH 17.1: BRANCAS 89% PRETAS 92%} 0-1